[Event "Titled Tue 10th Jun Early"]
[Site "chess.com INT"]
[Date "2025.06.10"]
[Round "8"]
[White "Murawski, Jan"]
[Black "Gibala, Adam"]
[Result "0-1"]
[WhiteTitle "CM"]
[BlackTitle "CM"]
[WhiteElo "2164"]
[BlackElo "2245"]
[WhiteFideId "21009287"]
[BlackFideId "21070288"]
[EventDate "2025.06.10"]

1. c4 d6 2. Nc3 e5 3. Nf3 Nf6 4. d4 Nbd7 5. e4 Be7 6. d5 O-O 7. Be2 a5 8. O-O
Nc5 9. Qc2 Ne8 10. Be3 b6 11. b3 f5 12. Bxc5 bxc5 13. exf5 Bxf5 14. Bd3 Qd7 15.
Ne4 h6 16. Nfd2 Kh8 17. Ng3 Bxd3 18. Qxd3 Nf6 19. f3 Rfb8 20. Nde4 a4 21. Nxf6
Bxf6 22. Ne4 Bd8 23. f4 exf4 24. Rxf4 Be7 25. Rf7 Rf8 26. Raf1 Qe8 27. Rxf8+
Bxf8 28. Rf3 Qe5 29. h3 Be7 30. Ng3 axb3 31. axb3 Ra1+ 32. Kh2 Bf6 0-1

[Event "Titled Tue 10th Jun Early"]
[Site "chess.com INT"]
[Date "2025.06.10"]
[Round "8"]
[White "Kiremitciyan, Ari"]
[Black "Nguyen Quang Anh"]
[Result "0-1"]
[WhiteTitle "FM"]
[BlackTitle "CM"]
[WhiteElo "2271"]
[BlackElo "2052"]
[WhiteFideId "6373445"]
[BlackFideId "12432377"]
[EventDate "2025.06.10"]

1. Nf3 Nf6 2. g3 g6 3. b3 Bg7 4. Bb2 O-O 5. Bg2 c5 6. O-O d5 7. c4 d4 8. b4 Nc6
9. bxc5 e5 10. d3 Nd7 11. Nbd2 f5 12. a4 Re8 13. Nb3 Nf6 14. e3 dxe3 15. fxe3
Ng4 16. Qe2 Be6 17. h3 Nh6 18. Qc2 Nf7 19. d4 e4 20. Nh2 Nb4 21. Qc3 Nd3 22.
Rfd1 Qg5 23. Nf1 Nxb2 24. Qxb2 Bxc4 25. Nbd2 Bd5 26. Nb1 Bc4 27. Qf2 Rad8 28.
Nc3 Bd3 29. Ra2 Bh6 30. Re1 Bg7 31. Rb2 Rd7 32. Nd2 Rde7 0-1

[Event "Titled Tue 10th Jun Early"]
[Site "chess.com INT"]
[Date "2025.06.10"]
[Round "8"]
[White "Mata Gonzalez, Jose Fernando"]
[Black "Tiitta, Sauli"]
[Result "0-1"]
[WhiteTitle "CM"]
[WhiteElo "2164"]
[BlackElo "2157"]
[WhiteFideId "5107423"]
[BlackFideId "502251"]
[EventDate "2025.06.10"]

1. e4 g5 2. d4 h6 3. f4 Bg7 4. fxg5 hxg5 5. Bxg5 c5 6. Be3 Qb6 7. Nc3 cxd4 8.
Nd5 Qa5+ 9. Bd2 Qd8 10. Nf3 e6 11. Nb4 Nc6 12. Nxc6 dxc6 13. Bb4 a5 14. Ba3 e5
15. b3 Nf6 16. Bc4 Nxe4 17. Qe2 Ng3 18. Qd2 Nxh1 19. Ng5 Be6 20. Bxe6 fxe6 21.
Nxe6 Qh4+ 22. Kf1 Qf6+ 23. Kg1 Qxe6 24. Kxh1 O-O-O 25. Qxa5 Qh6 26. Qa8+ Kc7 27.
Qa5+ Kb8 28. h3 Qe6 29. Kg1 Rdg8 30. Bc5 Rxh3 31. Qa7+ Kc8 32. Qa8+ Kc7 33. Qa5+
Kd7 34. Qb6 Kc8 35. Qa7 Bf6 36. Bb6 Rxg2+ 37. Kxg2 Qg4+ 38. Kf1 Qf3+ 39. Ke1
Rh1+ 40. Kd2 Qe3# 0-1

[Event "Titled Tue 10th Jun Early"]
[Site "chess.com INT"]
[Date "2025.06.10"]
[Round "8"]
[White "Banerjee, Supratit"]
[Black "Cahaya, Satria Duta"]
[Result "0-1"]
[WhiteTitle "FM"]
[BlackTitle "FM"]
[WhiteElo "2311"]
[BlackElo "2386"]
[WhiteFideId "2410079"]
[BlackFideId "7124252"]
[EventDate "2025.06.10"]

1. e4 e5 2. Nf3 Nc6 3. Nc3 Nf6 4. Nd5 Nxe4 5. d4 d6 6. Bd3 Nf6 7. Bg5 Be7 8.
Nxe7 Qxe7 9. O-O h6 10. Bxf6 Qxf6 11. dxe5 dxe5 12. Re1 O-O 13. Be4 Bg4 14. h3
Bxf3 15. Qxf3 Qxf3 16. Bxf3 f6 17. Rad1 Rfd8 18. Bd5+ Kf8 19. c4 Rd6 20. Rd3
Rad8 21. Rb3 b6 22. Rbe3 Ne7 23. Be4 Rd4 24. b3 Kf7 25. Kf1 Rd2 26. Bb1 R8d4 27.
a3 Rb2 28. Rf3 Ke6 29. g4 Rdd2 30. b4 Nc6 31. Bf5+ Ke7 32. Kg2 Nd4 33. Rf4 Kd6
34. Rxd4+ Rxd4 35. c5+ bxc5 36. bxc5+ Kxc5 37. a4 Rdd2 38. Rc1+ Kd6 39. a5 Rxf2+
40. Kg3 Rg2+ 41. Kh4 c5 42. Kh5 Kd5 43. Kg6 Rb7 44. Rd1+ Kc4 45. Be4 Rgb2 46.
Bd5+ Kc3 47. Bxb7 Rxb7 48. a6 Rc7 49. Ra1 c4 50. Rb1 Rc6 51. Rb7 Rxa6 52. Kxg7
e4 53. Kxh6 Re6 54. Kg6 e3 55. Kf5 e2 56. Rb1 e1=Q 57. Rxe1 Rxe1 58. h4 Kd4 59.
h5 c3 60. h6 c2 61. h7 Rh1 0-1

[Event "Titled Tue 10th Jun Early"]
[Site "chess.com INT"]
[Date "2025.06.10"]
[Round "8"]
[White "Emeliantsev, Anatoliy"]
[Black "Bartakke, Amardeep S."]
[Result "0-1"]
[WhiteTitle "FM"]
[BlackTitle "CM"]
[WhiteElo "2359"]
[BlackElo "2116"]
[WhiteFideId "4160681"]
[BlackFideId "5003288"]
[EventDate "2025.06.10"]

1. d4 Nf6 2. c4 e6 3. Nc3 Bb4 4. a3 Bxc3+ 5. bxc3 c5 6. e3 O-O 7. Bd3 Nc6 8. Ne2
b6 9. e4 Ne8 10. O-O Ba6 11. f4 Na5 12. f5 Bxc4 13. Bxc4 Nxc4 14. f6 Nxf6 15.
Bg5 Kh8 16. e5 h6 17. Bh4 g5 18. Rxf6 gxh4 19. Qd3 Rg8 20. Rf5 exf5 21. Qxc4 d5
22. Qd3 Qg5 23. Qf3 Qg4 24. Qf2 Rg5 25. Nf4 Rag8 26. Rf1 h3 27. g3 cxd4 28. Qxd4
Kh7 29. Nxd5 Qxd4+ 30. cxd4 Kg7 31. Ne7 Rd8 32. d5 f4 33. Rxf4 Rxe5 34. Nc6 Re1+
35. Kf2 Rh1 36. Nxd8 Rxh2+ 37. Kf3 Ra2 38. Rxf7+ Kg6 39. Rf4 h2 40. Rh4 Rxa3+
41. Ke4 Ra4+ 42. Ke5 Rxh4 0-1

[Event "Titled Tue 10th Jun Early"]
[Site "chess.com INT"]
[Date "2025.06.10"]
[Round "8"]
[White "Niemann, Hans Moke"]
[Black "Xiong, Jeffery"]
[Result "1-0"]
[WhiteTitle "GM"]
[BlackTitle "GM"]
[WhiteElo "2736"]
[BlackElo "2639"]
[WhiteFideId "2093596"]
[BlackFideId "2047640"]
[EventDate "2025.06.10"]

1. e4 e5 2. Nf3 Nf6 3. Nxe5 d6 4. Nf3 Nxe4 5. Nc3 Nxc3 6. dxc3 Be7 7. Be3 O-O 8.
Qd2 Nd7 9. O-O-O c6 10. Bd3 d5 11. a3 Nc5 12. h3 a5 13. Rhe1 b5 14. Ne5 Bd7 15.
Kb1 Bd6 16. Bd4 Be8 17. Ng4 f6 18. Bf5 Bd7 19. Ne3 Re8 20. f3 b4 21. cxb4 axb4
22. axb4 Na6 23. Bxd7 Nxb4 24. Nc4 Qxd7 25. Rxe8+ Qxe8 26. Bc3 Qb8 27. b3 Qa7
28. Nxd6 Qa2+ 29. Kc1 Qa3+ 30. Bb2 Na2+ 31. Kb1 Qxd6 32. c3 Qb8 33. Qc2 Qb5 34.
Re1 Kf7 35. h4 c5 36. h5 c4 37. b4 d4 38. Qe4 Ra7 39. Qe6+ Kf8 40. Qd6+ Kf7 41.
Qxd4 Nxb4 42. Qxa7+ 1-0

[Event "Titled Tue 10th Jun Early"]
[Site "chess.com INT"]
[Date "2025.06.10"]
[Round "8"]
[White "Birkisson, Bardur Orn"]
[Black "Topalov, Aleksandar"]
[Result "1-0"]
[WhiteTitle "FM"]
[BlackTitle "CM"]
[WhiteElo "2280"]
[BlackElo "2233"]
[WhiteFideId "2310597"]
[BlackFideId "925659"]
[EventDate "2025.06.10"]

1. d4 e6 2. Nf3 Nf6 3. Bf4 b6 4. e3 Bb7 5. Nbd2 Bd6 6. Bxd6 cxd6 7. c4 O-O 8.
Bd3 d5 9. O-O dxc4 10. Nxc4 Nc6 11. Nd6 Rb8 12. Rc1 Ba8 13. Qa4 Qe7 14. Nb5 Qb4
15. Qxb4 Nxb4 16. Bb1 a6 17. Nd6 Ne8 18. Nc4 Nf6 19. Nfe5 Rfd8 20. Nd6 Rf8 21.
Rc7 Rbd8 22. Ra7 a5 23. Ndc4 d6 24. Nf3 Nbd5 25. Ra6 Bb7 26. Ra7 Ba8 27. a3 Ne8
28. Bd3 Rb8 29. e4 Ndf6 30. Nfd2 d5 31. exd5 Bxd5 32. b4 axb4 33. axb4 Bxc4 34.
Nxc4 1-0

[Event "Titled Tue 10th Jun Early"]
[Site "chess.com INT"]
[Date "2025.06.10"]
[Round "8"]
[White "Gales, Randi-Ioan"]
[Black "Torres Rebolledo, Alvaro"]
[Result "1-0"]
[WhiteTitle "CM"]
[BlackTitle "FM"]
[WhiteElo "2243"]
[BlackElo "2318"]
[WhiteFideId "1285360"]
[BlackFideId "54587670"]
[EventDate "2025.06.10"]

1. d4 Nf6 2. c4 c5 3. d5 e6 4. Nc3 exd5 5. cxd5 g6 6. e4 Bg7 7. e5 Ng8 8. Nf3 d6
9. Bb5+ Bd7 10. Qe2 dxe5 11. Nxe5 Qe7 12. Bf4 Bxe5 13. Qxe5 f6 14. Qxe7+ Nxe7
15. O-O-O a6 16. Bxd7+ Nxd7 17. Rhe1 Kf7 18. Ne4 Nc8 19. Re2 Re8 20. Rde1 Kg7
21. g4 Ne5 22. Kc2 c4 23. Nxf6 Kxf6 24. Bxe5+ Kf7 25. d6 Nb6 26. f4 Nd5 27. Rd1
Nxf4 28. Rf1 g5 29. h4 Kg6 30. Re4 h6 31. h5+ Kh7 32. d7 Rad8 33. dxe8=Q Rxe8
34. Rfe1 Nd3 35. R1e2 Rf8 36. Bc3 Rf1 37. Re7+ Kg8 38. Rg7+ Kf8 39. Rxb7 1-0

[Event "Titled Tue 10th Jun Early"]
[Site "chess.com INT"]
[Date "2025.06.10"]
[Round "8"]
[White "Ternault, Mathieu"]
[Black "Jimenez Fernandez, Rebeca"]
[Result "1-0"]
[WhiteTitle "FM"]
[BlackTitle "WFM"]
[WhiteElo "2275"]
[BlackElo "2154"]
[WhiteFideId "20641532"]
[BlackFideId "32070934"]
[EventDate "2025.06.10"]

1. d4 d5 2. c4 c6 3. Nc3 Nf6 4. Nf3 e6 5. e3 Nbd7 6. Qc2 Be7 7. g4 h6 8. Rg1
dxc4 9. g5 hxg5 10. Nxg5 Nf8 11. Bxc4 Rxh2 12. Nf3 Rh7 13. Ne5 Bd7 14. Bd2 a6
15. O-O-O Qc7 16. Bd3 g6 17. Rh1 Rxh1 18. Rxh1 c5 19. Kb1 cxd4 20. exd4 Bd6 21.
Rh8 Bxe5 22. dxe5 Qxe5 23. Bh6 Nh7 24. Rg8 Bc6 25. Bxg6 fxg6 26. Qxg6+ Ke7 27.
Rg7+ Kd6 28. Qd3+ Bd5 29. Rxb7 Qf5 30. Qxf5 exf5 31. Bf4+ Kc6 32. Rc7+ Kb6 33.
Nxd5+ Kb5 34. b3 Ne6 35. a4+ Ka5 36. Bd2# 1-0

[Event "Titled Tue 10th Jun Early"]
[Site "chess.com INT"]
[Date "2025.06.10"]
[Round "8"]
[White "Thorhallsson, Simon"]
[Black "Pulido Alvarez, Ariel"]
[Result "1-0"]
[WhiteTitle "FM"]
[BlackTitle "FM"]
[WhiteElo "2202"]
[BlackElo "2252"]
[WhiteFideId "2310090"]
[BlackFideId "3503011"]
[EventDate "2025.06.10"]

1. g4 d5 2. g5 e6 3. c4 Nc6 4. d4 dxc4 5. Nf3 Nge7 6. Bf4 Nd5 7. Bg3 Bb4+ 8.
Nbd2 c3 9. bxc3 Bxc3 10. e4 Bxa1 11. exd5 exd5 12. Qxa1 Qe7+ 13. Be2 O-O 14. Kf1
Re8 15. Bd3 Bh3+ 16. Kg1 Nb4 17. Bf1 Bxf1 18. Qxf1 Nxa2 19. Qb1 Nc3 20. Qb3 Ne4
21. Qxb7 Nxg5 22. Qxd5 Nxf3+ 23. Nxf3 Rad8 24. Qb7 Rb8 25. Qxa7 Rb1+ 26. Kg2
Rxh1 27. Kxh1 Qe4 28. Kg2 c6 29. Qc7 h6 30. Qf4 Qd5 31. h4 Re4 32. Qb8+ Kh7 33.
Kh2 Re2 34. Qf4 Rb2 35. Ne5 Kg8 36. Qf5 Rb1 37. Qxb1 1-0

[Event "Titled Tue 10th Jun Early"]
[Site "chess.com INT"]
[Date "2025.06.10"]
[Round "8"]
[White "Izafatava, Kira"]
[Black "Caku, Kler"]
[Result "0-1"]
[BlackTitle "WFM"]
[WhiteElo "2036"]
[BlackElo "2010"]
[WhiteFideId "13521705"]
[BlackFideId "4704703"]
[EventDate "2025.06.10"]

1. e4 e5 2. Nf3 Nc6 3. d4 exd4 4. Nxd4 Nf6 5. Nxc6 bxc6 6. Bd3 d5 7. exd5 cxd5
8. O-O Be7 9. Nc3 O-O 10. Bf4 c6 11. h3 Bd6 12. Qf3 Rb8 13. b3 Rb4 14. Bxd6 Qxd6
15. Ne2 Re8 16. c3 Rb7 17. Nd4 Rbe7 18. Rfd1 Bd7 19. Nf5 Bxf5 20. Qxf5 g6 21.
Qf3 Nd7 22. Rd2 Ne5 23. Qg3 Qc5 24. Bf1 a5 25. Rad1 a4 26. Kh2 Nd7 27. h4 Nf6
28. Bd3 axb3 29. axb3 Qxc3 30. Qd6 Ng4+ 31. Kg1 Re1+ 32. Bf1 Qxb3 33. Qxc6 Qb8
34. Qc2 Qh2# 0-1

[Event "Titled Tue 10th Jun Early"]
[Site "chess.com INT"]
[Date "2025.06.10"]
[Round "8"]
[White "Galperin, Platon"]
[Black "Maghsoodloo, Parham"]
[Result "0-1"]
[WhiteTitle "GM"]
[BlackTitle "GM"]
[WhiteElo "2500"]
[BlackElo "2691"]
[WhiteFideId "14165414"]
[BlackFideId "12539929"]
[EventDate "2025.06.10"]

1. c4 e5 2. e3 Nf6 3. Nc3 Bb4 4. Nge2 c5 5. a3 Bxc3 6. Nxc3 Nc6 7. g4 h6 8. Bg2
d6 9. h3 Be6 10. b3 d5 11. cxd5 Nxd5 12. Bb2 f6 13. Ne4 b6 14. Rc1 Rc8 15. Ng3
Qd7 16. Be4 Nde7 17. Bc2 O-O 18. Rg1 Rcd8 19. Qe2 Na5 20. b4 Nc4 21. Bc3 Nxa3
22. Be4 Bc4 23. Qd1 Be6 24. bxc5 bxc5 25. Nf5 Nb5 26. Ba5 Rc8 27. h4 Bxf5 28.
gxf5 Nd6 29. Qg4 Rf7 30. Bc2 e4 31. f3 Qxf5 32. fxe4 Qxg4 33. Rxg4 Nc6 34. Bc3
Ne5 35. Rg2 c4 36. Ke2 Nb5 37. Ba4 Nxc3+ 38. Rxc3 Rfc7 39. Rg1 g5 40. hxg5 hxg5
41. Rgc1 Rh7 42. Bb5 Rh2+ 43. Kd1 Rd8 0-1

[Event "Titled Tue 10th Jun Early"]
[Site "chess.com INT"]
[Date "2025.06.10"]
[Round "8"]
[White "Kholyavko, Mariya"]
[Black "Devagharan, Devina"]
[Result "1/2-1/2"]
[WhiteTitle "WFM"]
[BlackTitle "WFM"]
[WhiteElo "2175"]
[BlackElo "1860"]
[WhiteFideId "13748505"]
[BlackFideId "2061600"]
[EventDate "2025.06.10"]

1. g3 d5 2. Bg2 Nf6 3. b3 g6 4. Bb2 Bg7 5. e3 O-O 6. Ne2 c5 7. c4 Nc6 8. cxd5
Nxd5 9. Bxg7 Kxg7 10. O-O e5 11. f4 Bg4 12. h3 Nxe3 13. dxe3 Qxd1 14. Rxd1 Bxe2
15. Rd2 Ba6 16. Nc3 exf4 17. gxf4 Rad8 18. Rxd8 Nxd8 19. Rd1 Ne6 20. Ne4 c4 21.
bxc4 Bxc4 22. Nd6 Bxa2 23. Ra1 Bb3 24. Rxa7 Rd8 25. Nxf7 Rd1+ 26. Kh2 Nxf4 27.
exf4 Bxf7 28. Rxb7 Rd2 29. Kg1 h6 30. Ra7 Kf6 31. Be4 Rd4 32. Ra6+ Kg7 33. Bf3
Rxf4 34. Kg2 g5 35. Ra7 Rd4 36. Bh5 Rf4 37. Kg3 Kg8 38. Ra8+ Kg7 39. Ra7 Kf8 40.
Ra8+ Ke7 41. Ra7+ Ke6 42. Bxf7+ Rxf7 43. Ra6+ Kf5 44. Rxh6 Ra7 45. Rb6 Ra3+ 46.
Kg2 Ra4 47. Rb5+ Kf4 48. Rb2 Kf5 49. Rb3 Kg6 50. Kg3 Kh5 51. Rb8 Ra3+ 52. Kg2 1/2-1/2

[Event "Titled Tue 10th Jun Early"]
[Site "chess.com INT"]
[Date "2025.06.10"]
[Round "8"]
[White "Matinian, Nikita"]
[Black "Martinez Alcantara, Jose Eduardo"]
[Result "0-1"]
[WhiteTitle "GM"]
[BlackTitle "GM"]
[WhiteElo "2421"]
[BlackElo "2611"]
[WhiteFideId "24129100"]
[BlackFideId "3805662"]
[EventDate "2025.06.10"]

1. e4 e5 2. Nf3 Nc6 3. Bb5 a6 4. Ba4 f6 5. c4 Nge7 6. Nc3 d6 7. d4 Bd7 8. d5 Nb8
9. Be3 g6 10. c5 Bg7 11. O-O O-O 12. Rc1 Bg4 13. h3 Bxf3 14. Qxf3 f5 15. Rfd1
fxe4 16. Qg4 Nf5 17. Bg5 Bf6 18. Bxf6 Qxf6 19. Nxe4 Qe7 20. Rc3 b5 21. cxb6 cxb6
22. Rdc1 Ra7 23. Rc8 b5 24. Bb3 Nd7 25. Rxf8+ Nxf8 26. Rc6 Kg7 27. g3 h6 28. h4
h5 29. Qg5 Qxg5 30. hxg5 Nh7 31. f4 exf4 32. gxf4 Nd4 33. Rxd6 Ne2+ 34. Kh2 Nxf4
35. Rc6 Re7 36. Bc2 Nxd5 37. Rxa6 Nb4 0-1

[Event "Titled Tue 10th Jun Early"]
[Site "chess.com INT"]
[Date "2025.06.10"]
[Round "8"]
[White "Shandrygin, Nikita"]
[Black "Toropov, Pavel"]
[Result "0-1"]
[WhiteTitle "FM"]
[BlackTitle "FM"]
[WhiteElo "2209"]
[BlackElo "2308"]
[WhiteFideId "24198668"]
[BlackFideId "24129178"]
[EventDate "2025.06.10"]

1. e4 e6 2. d4 d5 3. Nd2 dxe4 4. Nxe4 Nd7 5. Nf3 Ngf6 6. Nxf6+ Nxf6 7. Be3 Bd6
8. Bd3 b6 9. Ne5 Bxe5 10. dxe5 Nd5 11. Bd2 Bb7 12. Qg4 g6 13. O-O-O h5 14. Qg3
Qd7 15. c4 Qc6 16. Qh4 b5 17. Kb1 bxc4 18. Bxc4 Ba6 19. Bxd5 Qxd5 20. Bb4 Bd3+
21. Ka1 c5 22. Rxd3 Qxd3 23. Bxc5 Qd7 24. Qf6 Rg8 25. Rc1 Rc8 26. a3 a5 27. Qh4
a4 28. Qb4 g5 29. h3 g4 30. Ka2 gxh3 31. Rc4 hxg2 32. Rd4 Qc6 33. Rd6 Qxc5 34.
Qxa4+ Kf8 35. Qh4 Qc4+ 0-1

[Event "Titled Tue 10th Jun Early"]
[Site "chess.com INT"]
[Date "2025.06.10"]
[Round "8"]
[White "Saydaliev, Saidakbar"]
[Black "Sieciechowicz, Marcin"]
[Result "0-1"]
[WhiteTitle "IM"]
[BlackTitle "IM"]
[WhiteElo "2450"]
[BlackElo "2413"]
[WhiteFideId "14203693"]
[BlackFideId "1130170"]
[EventDate "2025.06.10"]

1. Nf3 Nf6 2. c4 b6 3. g3 Bb7 4. Bg2 g6 5. O-O Bg7 6. Nc3 O-O 7. Re1 Ne4 8. Nxe4
Bxe4 9. d3 Bb7 10. e4 c5 11. d4 cxd4 12. Nxd4 Nc6 13. Be3 Rc8 14. Rc1 d6 15. b3
Qd7 16. Qd2 Nxd4 17. Bxd4 b5 18. Bxg7 Kxg7 19. c5 Rfd8 20. Red1 Qe6 21. Qd4+ Qe5
22. Qxe5+ dxe5 23. b4 Bc6 24. Bf1 f6 25. f3 Rd4 26. a3 Rcd8 27. Be2 Kf7 28. Kf2
Ke6 29. Ke3 f5 30. exf5+ gxf5 31. Rxd4 exd4+ 32. Kd3 Kf6 33. f4 e5 34. fxe5+
Kxe5 35. Kd2 a5 36. a4 d3 37. Bd1 axb4 38. a5 Kd4 39. Bb3 Ra8 40. Ra1 Be4 41. a6
Kxc5 42. a7 Kb6 43. Ke3 Rxa7 44. Rc1 Ra3 45. Be6 b3 46. Rb1 d2 47. Rxb3 d1=Q 48.
Rxa3 Qc1+ 0-1

[Event "Titled Tue 10th Jun Early"]
[Site "chess.com INT"]
[Date "2025.06.10"]
[Round "8"]
[White "Sadubayev, Airat"]
[Black "Cornelisse, Lorelei"]
[Result "1-0"]
[WhiteTitle "FM"]
[BlackTitle "WFM"]
[WhiteElo "2211"]
[BlackElo "2138"]
[WhiteFideId "13713264"]
[BlackFideId "1087177"]
[EventDate "2025.06.10"]

1. d4 f5 2. c4 Nf6 3. Nf3 g6 4. g3 Bg7 5. Bg2 O-O 6. O-O d6 7. Nc3 c6 8. b3 e5
9. dxe5 dxe5 10. e4 f4 11. Ba3 Qxd1 12. Raxd1 Re8 13. h3 fxg3 14. fxg3 a5 15.
Bd6 Nh5 16. Kh2 Na6 17. h4 Nf6 18. Kg1 Ng4 19. Rfe1 Nb4 20. Re2 Bh6 21. Ng5 Bf8
22. a3 Na6 23. Na4 h6 24. Nf3 Rd8 25. Red2 Ne3 26. Bxe5 Rxd2 27. Rxd2 Bxa3 28.
Rd8+ Kf7 29. Bh3 Bxh3 30. Rxa8 Bg4 31. Nd2 Nc2 32. Ra7 Nc5 33. Kh1 Bb4 34. Nxc5
Bxd2 35. Rxb7+ Ke8 36. Bf4 Bf3+ 37. Kh2 Bb4 38. Nd3 1-0

[Event "Titled Tue 10th Jun Early"]
[Site "chess.com INT"]
[Date "2025.06.10"]
[Round "8"]
[White "Bournel, Antoine"]
[Black "Mayorau, Mikita1"]
[Result "1-0"]
[WhiteTitle "IM"]
[BlackTitle "GM"]
[WhiteElo "2423"]
[BlackElo "2472"]
[WhiteFideId "26093553"]
[BlackFideId "13501720"]
[EventDate "2025.06.10"]

1. Nf3 Nf6 2. e3 g6 3. b3 Bg7 4. Bb2 O-O 5. c4 c5 6. Be2 e6 7. O-O b6 8. d4 Bb7
9. dxc5 bxc5 10. Nc3 Nc6 11. Qc2 Re8 12. Rac1 a6 13. Rfd1 Qc7 14. Qb1 Rad8 15.
Na4 Ne7 16. Qa1 Nh5 17. Ne5 d6 18. Ng4 Bxb2 19. Qxb2 Nf5 20. Rd2 Nh4 21. Nh6+
Kf8 22. Bxh5 gxh5 23. Qf6 Nxg2 24. Rcd1 Rd7 25. Rxd6 Rxd6 26. Rxd6 Nh4 27. Nxc5
Nf3+ 28. Kf1 Nxh2+ 29. Ke1 Nf3+ 30. Ke2 Ng1+ 31. Kf1 Nf3 32. Rd7 Nh2+ 33. Ke1
Nf3+ 34. Ke2 Nd4+ 35. exd4 Qh2 36. Qxf7# 1-0

[Event "Titled Tue 10th Jun Early"]
[Site "chess.com INT"]
[Date "2025.06.10"]
[Round "8"]
[White "Boramanikar, Tanisha S"]
[Black "Vu Quang Quyen"]
[Result "0-1"]
[WhiteTitle "WCM"]
[BlackTitle "CM"]
[WhiteElo "1743"]
[BlackElo "2026"]
[WhiteFideId "35023454"]
[BlackFideId "12402168"]
[EventDate "2025.06.10"]

1. d4 Nf6 2. Bf4 g6 3. Nc3 d5 4. e3 Bg7 5. h4 h5 6. Be2 c5 7. Nf3 Nc6 8. Ne5 Qa5
9. f3 Nd7 10. Nxd7 Bxd7 11. Qd2 cxd4 12. exd4 Nxd4 13. Bd3 e5 14. Bg5 Be6 15.
O-O O-O 16. Qf2 Rac8 17. Rae1 Qb6 18. Bc1 f5 19. Kh1 e4 20. Be2 Nxc2 21. Qg3
Nxe1 22. Rxe1 Kh7 23. Qg5 d4 24. Nb5 Rxc1 25. Rxc1 d3 26. Bd1 Bh6 27. Rc7+ Qxc7
28. Qxh6+ Kxh6 29. Nxc7 Bxa2 30. g4 hxg4 31. fxg4 fxg4 32. Kg2 e3 33. b3 e2 34.
Bc2 dxc2 35. Ne6 e1=Q 36. Nxf8 Qe2+ 37. Kg1 c1=Q# 0-1

[Event "Titled Tue 10th Jun Early"]
[Site "chess.com INT"]
[Date "2025.06.10"]
[Round "8"]
[White "Nouali, Mohamed"]
[Black "Lazaro Azcutia, Miguel"]
[Result "1-0"]
[WhiteTitle "FM"]
[BlackTitle "CM"]
[WhiteElo "2160"]
[BlackElo "2275"]
[WhiteFideId "5502462"]
[BlackFideId "54538254"]
[EventDate "2025.06.10"]

1. e4 e5 2. Bc4 Nf6 3. Nc3 Nc6 4. d3 Na5 5. Qf3 Bb4 6. Ne2 h6 7. a3 Bxc3+ 8.
Nxc3 Nxc4 9. dxc4 d6 10. Be3 Be6 11. c5 a6 12. cxd6 cxd6 13. h3 Qc7 14. O-O b5
15. Rfd1 Rc8 16. Rd2 Qe7 17. Rad1 Rc6 18. Qe2 Bc4 19. Qe1 O-O 20. f4 Rfc8 21.
Qh4 a5 22. fxe5 dxe5 23. Rf2 b4 24. axb4 axb4 25. Na4 Qe6 26. b3 Bb5 27. Rdd2
Bxa4 28. bxa4 Ra6 29. Kh2 Qc6 30. Bxh6 gxh6 31. Rd3 Nh7 32. Rf5 Qe6 33. Rg3+ Kh8
34. Qg4 Ng5 35. h4 Rg8 36. hxg5 Rxg5 37. Rxg5 hxg5 38. Qxg5 Qh6+ 39. Qxh6+ Rxh6+
40. Rh3 Rxh3+ 41. Kxh3 Kg7 42. a5 Kf6 43. a6 Ke6 44. a7 Kd6 45. a8=Q 1-0

[Event "Titled Tue 10th Jun Early"]
[Site "chess.com INT"]
[Date "2025.06.10"]
[Round "8"]
[White "Sarana, Alexey"]
[Black "Alonso Rosell, Alvar"]
[Result "0-1"]
[WhiteTitle "GM"]
[BlackTitle "GM"]
[WhiteElo "2686"]
[BlackElo "2536"]
[WhiteFideId "24133795"]
[BlackFideId "2270544"]
[EventDate "2025.06.10"]

1. e4 c6 2. d4 d5 3. e5 c5 4. c3 Nc6 5. Bb5 Qa5 6. a4 a6 7. Bxc6+ bxc6 8. dxc5
Qxc5 9. a5 Qb5 10. Ne2 e6 11. Nd4 Qb8 12. Nxc6 Qc7 13. Nd4 Qxe5+ 14. Be3 Nf6 15.
O-O Qc7 16. Nf3 Be7 17. Nbd2 O-O 18. Bd4 Nd7 19. Re1 Bd6 20. Qe2 Bb7 21. Ne5
Rae8 22. Nxd7 Qxd7 23. Be5 Be7 24. Bg3 d4 25. cxd4 Qxd4 26. Nc4 Qd5 27. f3 Rd8
28. Kh1 Qb5 29. Nb6 Rd3 30. Be5 Rfd8 31. Bc3 Qh5 32. Rad1 Bd6 33. h3 Bxf3 34.
Rxd3 Qxh3+ 35. Kg1 Qh1+ 36. Kf2 Qxg2+ 37. Ke3 Bxe2 38. Rxe2 Qg3+ 39. Ke4 f5+ 40.
Kd4 Bf8+ 41. Kc4 Qxd3+ 42. Kb3 Qxe2 0-1

[Event "Titled Tue 10th Jun Early"]
[Site "chess.com INT"]
[Date "2025.06.10"]
[Round "8"]
[White "Csonka, Balazs"]
[Black "Antoniou, Rafail"]
[Result "0-1"]
[WhiteTitle "IM"]
[BlackTitle "CM"]
[WhiteElo "2467"]
[BlackElo "2134"]
[WhiteFideId "742910"]
[BlackFideId "5904390"]
[EventDate "2025.06.10"]

1. e4 c5 2. Nf3 e6 3. d4 cxd4 4. Nxd4 Nf6 5. Nc3 Nc6 6. Ndb5 Bc5 7. Nd6+ Ke7 8.
Bf4 e5 9. Nf5+ Kf8 10. Bg5 d6 11. Bc4 h6 12. Bxf6 Qxf6 13. Nd5 Qg5 14. Nfe3 g6
15. O-O Kg7 16. c3 Be6 17. b4 Bxe3 18. Nxe3 Bxc4 19. Nxc4 Rad8 20. Qd5 Rd7 21.
Rad1 Rhd8 22. h3 Ne7 23. Qb5 Qf4 24. Rfe1 a6 25. Qb6 d5 26. g3 Qf6 27. Qxf6+
Kxf6 28. exd5 Rxd5 29. Rxd5 Rxd5 30. Kf1 h5 31. Ke2 Rd8 32. Rc1 Nd5 33. Ne3 Ne7
34. a4 Rc8 35. b5 Ke6 36. c4 axb5 37. axb5 Ra8 38. c5 Ra2+ 39. Kf1 Rb2 40. c6
Rxb5 41. cxb7 Rxb7 42. h4 f5 43. Kg1 f4 44. gxf4 exf4 45. Ng2 Rb4 46. Re1+ Kf6
47. Ra1 Kf5 48. f3 Nc6 49. Rc1 Nd4 50. Rc5+ Kf6 51. Nxf4 Nxf3+ 52. Kf2 Rxf4 53.
Ke3 Rxh4 54. Kxf3 Ra4 55. Rc6+ Kg5 56. Rc5+ Kh6 57. Kg3 Rd4 58. Kh3 h4 59. Ra5
g5 60. Ra8 Rd3+ 61. Kh2 Kh5 62. Ra4 h3 63. Rb4 g4 64. Ra4 Kh4 65. Ra8 g3+ 0-1

[Event "Titled Tue 10th Jun Early"]
[Site "chess.com INT"]
[Date "2025.06.10"]
[Round "8"]
[White "Carlsen, Magnus"]
[Black "Lazavik, Denis"]
[Result "1-0"]
[WhiteTitle "GM"]
[BlackTitle "GM"]
[WhiteElo "2837"]
[BlackElo "2580"]
[WhiteFideId "1503014"]
[BlackFideId "13515110"]
[EventDate "2025.06.10"]

1. d4 Nf6 2. c4 e6 3. Nf3 d5 4. g3 Be7 5. Bg2 O-O 6. O-O dxc4 7. Qc2 a6 8. a4
Bd7 9. Qxc4 Bc6 10. Bg5 Nbd7 11. Nc3 h6 12. Bxf6 Nxf6 13. e3 a5 14. Rfd1 Bb4 15.
Ne5 Bxg2 16. Kxg2 c6 17. h4 Qe7 18. Qe2 Rfd8 19. e4 c5 20. Nf3 cxd4 21. Nxd4
Bxc3 22. bxc3 Qc5 23. Nb5 e5 24. f3 g6 25. Rd2 Kg7 26. Rad1 Rxd2 27. Rxd2 Rc8
28. Qd3 Qe7 29. g4 Nh7 30. Qd7 Re8 31. Nc7 Qxd7 32. Rxd7 Rb8 33. Rd5 Rc8 34. Nb5
Nf8 35. Rxe5 Ne6 36. Kg3 Rc5 37. Rd5 Rxd5 38. exd5 Nc5 39. Kf4 f6 40. Ke3 Nxa4
41. Kd4 Kf8 42. Nd6 b6 43. h5 gxh5 44. gxh5 Nc5 45. Kc4 a4 46. Kb4 Ke7 47. Nf5+
Kd7 48. c4 Nd3+ 49. Kxa4 Ne5 50. Kb5 Nxf3 51. Kxb6 Ne5 52. c5 1-0